00622nam a2200217Ia 450000500170000000800410001702000180005808200190007624500570009526000360015230000120018865000110020065000130021165000100022465000120023470000250024670000170027194200060028895200950029499900150038920241219035943.0240331s9999 xx 000 0 und d a9789068327427 bMAI26201a305 0aGender, Rights and Development bA Global Sourcebook aAmsterdambKIT Publishersc2008 a160 p., aGender aEquality aWomen aSociety aMukhopadhyay, Meedt aMeer, Seedt cL 001040708LaWERCLbWERCLcSSCd2024-03-31l0o 305 GENp6201r2024-03-31w2024-03-31yL c4493d4493